| 000 | 00364nam a22001577a 4500 | ||
|---|---|---|---|
| 003 | MACL | ||
| 005 | 20151121153725.0 | ||
| 008 | 151121b xxu||||| |||| 00| 0 eng d | ||
| 040 | _cMACL | ||
| 041 | _aEnglish | ||
| 082 | _a333 | ||
| 100 |
_aKharia, Surjeet Singh _917802 |
||
| 245 | _aGood Earth Keeping | ||
| 650 |
_aEnvironment _917803 |
||
| 942 |
_2ddc _cBK |
||
| 999 |
_c50860 _d50860 |
||